01582nam a22003017a 4500003000400000005001700004008004100021040002200062082001500084100003500099245004400134260005700178300001800235366000800253490001000261505035100271505010700622505009000729505006900819505006500888650004100953650004700994650004601041650005001087650006101137650004601198700003601244OSt20230607105002.0221006b |||||||| |||| 00| 0 eng d cBiblioteca Lado V a779bS586e aSilva Ferrer, Manueledirector aExtra Camara/bRevista de fotografía/ aVenezuelac2002bCentro Nacional de la Fotografía  c21x22cma84p. espa a24v2 aCamillus Farrand, pionero de la fotografía estereoscopia Foto-Estudio Dana: Una memoria de Caracas Pedro Duim: Un fotógrafo moderno Thea Segall, mas alla del asombro Decir desde la mudez de la imagen Siempre el documentalismo Tres por paisaje. Nuevos escenarios de la producción fotográfica en Venezuela tFotografía Venezolana  aLa montaña y los petalos Mapas abiertos Anamari Ekaton Sobre Weston y Modotti en Mexico tLibros aLas marcas humanas: Respuesta a Xiomara Jimenez Exposiciones, eventos y otrostNotas aFotografiar para descubrir, fotografiar para contartReflexiones aExposiciones, publicaciones, eventos, premios y otrostNotas 2Tesauro de Arte & ArquitecturaaARTE 2Tesauro de Arte & ArquitecturaaFOTOGRAFIA 2Tesauro de Arte & ArquitecturaaVENEZUELA 2Tesauro de Arte & ArquitecturaaEXPOSICIONES  2Tesauro de Arte & ArquitecturaaFOTOGRAFIA INTERNACIONAL 2Tesauro de Arte & ArquitecturaaESPAÑOL aNavarreta, Jose Antonioeeditor